| 000 | 00557nam a2200157 a 4500 | ||
|---|---|---|---|
| 008 | 120416s1979 ||||||||||||||||| || u | ||
| 020 | _a0442291787 | ||
| 050 | _aNA 2708 Wan | ||
| 100 | _aWang, Thomas C | ||
| 245 | 1 | 0 | _aPlan and section drawing |
| 260 |
_aNew York: _bVan Nostrand Reinhold _c1979 |
||
| 300 | _a96p. : ill. | ||
| 350 | _a0.00 | ||
| 650 | _aCOMMUNICATION IN ARCHITECTURAL DESIGN--TECHNIQUE | ||
| 995 |
_D0.00 _FCBU-MAIN LIBRARY (Kitwe) _H1 _I6.95 _M1 _UDAMAGED _ZMain Library Open Access Collection |
||
| 999 |
_c53665 _d53665 |
||